000 01031cam a2200289 a 4500
001 30788
003 BD-RjUL
005 20211209051621.0
008 140412s1995 enka b 001 0 eng
020 _a0521365880
020 _a0521367697 (pbk.)
035 _a(BD-RjUL)30875
040 _aDLC
_cDLC
_dDLC
_dBD-RjUL
_beng
041 _aeng
082 0 0 _a193
_220
_bCAM 1995
245 0 4 _aThe Cambridge companion to Leibniz /
_cedited by Nicholas Jolley.
260 _aCambridge ;
_aNew York :
_bCambridge University Press,
_cc1995.
300 _axi, 500 p. :
_bill. ;
_c23 cm.
504 _aIncludes bibliographical references (p. 475-493) and index.
600 1 0 _aLeibniz, Gottfried Wilhelm,
_cFreiherr von,
_d1646-1716.
_993554
700 1 _aJolley, Nicholas.
_93868
856 4 2 _3Publisher description
_uhttp://www.loc.gov/catdir/description/cam026/94000515.html
856 4 1 _3Table of contents
_uhttp://www.loc.gov/catdir/toc/cam025/94000515.html
942 _2ddc
_cBK
999 _c30788
_d30788